| 000 | 01214nam a2200313Ia 4500 | ||
|---|---|---|---|
| 001 | ebr10175310 | ||
| 003 | CaPaEBR | ||
| 006 | m u | ||
| 007 | cr cn||||||||| | ||
| 008 | 040226s2004 mau s 000 0 eng d | ||
| 010 | _z 2004004645 | ||
| 020 | _z9780807071533 | ||
| 020 | _z0807032689 (cloth : alk. paper) | ||
| 020 | _z0807032697 | ||
| 040 |
_aCaPaEBR _cCaPaEBR |
||
| 035 | _a(OCoLC)568049740 | ||
| 050 | 1 | 4 |
_aLB1775.2 _b.A94 2004eb |
| 082 | 0 | 4 |
_a371.102 _222 |
| 100 | 1 |
_aAyers, William, _d1944- |
|
| 245 | 1 | 0 |
_aTeaching toward freedom _h[electronic resource] : _bmoral commitment and ethical action in the classroom / _cWilliam Ayers. |
| 260 |
_aBoston, MA : _bBeacon Press, _cc2004. |
||
| 300 | _axv, 168 p. | ||
| 533 |
_aElectronic reproduction. _bPalo Alto, Calif. : _cebrary, _d2009. _nAvailable via World Wide Web. _nAccess may be limited to ebrary affiliated libraries. |
||
| 650 | 0 |
_aTeachers _zUnited States. |
|
| 650 | 0 |
_aTeaching _xMoral and ethical aspects _zUnited States. |
|
| 655 | 7 |
_aElectronic books. _2local |
|
| 710 | 2 | _aebrary, Inc. | |
| 856 | 4 | 0 |
_uhttp://site.ebrary.com/lib/rucke/Doc?id=10175310 _zAn electronic book accessible through the World Wide Web; click to view |
| 999 |
_c237118 _d237118 |
||